Alternative Office Definitions Quiz Stats

 Plays Quiz not verified by Sporcle

Score 0/18 Timer 02:30
3 Plays Today
% Correct
Scanner
88.1%
Fire
87.8%
Ink
81.7%
cc
80%
Mail
76.3%
File
72.5%
Report
72.5%
Envelope
68.1%
Message
67.1%
% Correct
Copy
66.8%
Staple
65.8%
Binder
59%
Office
58%
Paper
46.4%
Pen
44.4%
Meeting
41%
Boss
32.2%
Desk
32.2%

You're not logged in!

Compare scores with friends on all Sporcle quizzes.
OR
Log In

You Might Also Like...

Show Comments

Extras

Top Quizzes Today


Score Distribution

Your Account Isn't Verified!

In order to create a playlist on Sporcle, you need to verify the email address you used during registration. Go to your Sporcle Settings to finish the process.

Report this User

Report this user for behavior that violates our Community Guidelines.

Details: